000
00301nam a2200133Ia 4500
008
150201s1998 xx 000 0 und d
082
_a
617
_b
C98H
100
_a
HENRY,MICHAEL M
245
_a
CLINICAL SURGERY
250
_a
2ND
260
_b
ELSEVIER
_a
DELHI
_c
1998
650
_a
SURGERY
942
_2
ddc
_c
BK
999
_c
694
_d
694